[Event "42nd TCh-ITA Masters"]
[Site "Arvier ITA"]
[Date "2010.04.29"]
[Round "1"]
[White "Manca,F"]
[Black "Salvetti,A"]
[Result "1-0"]
[WhiteElo "2366"]
[BlackElo "2296"]
[EventDate "2010.04.29"]

1. e4 e5 2. Nf3 Nc6 3. d4 exd4 4. Nxd4 g6 5. Nc3 Bg7 6. Be3 d6 7. Qd2 Nf6
8. f3 O-O 9. O-O-O Re8 10. g4 d5 11. g5 Nh5 12. Nxd5 Nxd4 13. Bxd4 Bxd4 14.
Qxd4 Qxg5+ 15. Qd2 Qd8 16. Qa5 Qg5+ 17. Qd2 Qd8 18. Qh6 Qd6 19. Bc4 Bh3 20.
Rhg1 Kh8 21. Qe3 Rad8 22. f4 Bc8 23. Qc3+ f6 24. f5 Kg7 25. Qf3 c6 26. Qxh5
cxd5 27. Rxg6+ Kh8 28. Bxd5 Qf4+ 29. Kb1 Rxe4 30. Rdg1 Ree8 31. Rg7 h6 32.
Rh7+ Kxh7 33. Qg6+ 1-0

[Event "42nd TCh-ITA Masters"]
[Site "Arvier ITA"]
[Date "2010.04.29"]
[Round "1"]
[White "Ramondino,R"]
[Black "Brunello,S"]
[Result "0-1"]
[WhiteElo "2304"]
[BlackElo "2476"]
[EventDate "2010.04.29"]

1. Nf3 Nf6 2. c4 e6 3. g3 d5 4. d4 dxc4 5. Bg2 Bb4+ 6. Bd2 a5 7. Qc2 Nc6 8.
Qxc4 Qd5 9. Qd3 O-O 10. Nc3 Qh5 11. h3 Rd8 12. g4 Qg6 13. Qxg6 hxg6 14. e3
a4 15. O-O-O a3 16. b3 Be7 17. Kb1 Nb4 18. Ne5 Nd7 19. Nb5 c6 20. Bxb4 Bxb4
21. Nd3 Be7 22. Nc3 g5 23. Na4 Ra7 24. Rc1 Kf8 25. Rc2 Nf6 26. Nb6 Bd7 27.
Nc4 Be8 28. Nce5 Nd5 29. h4 gxh4 30. Bxd5 Rxd5 31. f4 g5 32. Nf3 f6 33. e4
Rd8 34. fxg5 fxg5 35. Nde5 Kg7 36. Rf1 Ra6 37. d5 c5 38. Nd4 Bf6 39. Nec6
Rxc6 40. Nxc6 bxc6 41. Re2 cxd5 42. e5 Be7 43. Ref2 Bg6+ 44. Kc1 Rb8 0-1

[Event "42nd TCh-ITA Masters"]
[Site "Arvier ITA"]
[Date "2010.04.29"]
[Round "1"]
[White "Rombaldoni,D"]
[Black "Mazzilli,P"]
[Result "1/2-1/2"]
[WhiteElo "2482"]
[BlackElo "2360"]
[EventDate "2010.04.29"]

1. d4 d5 2. Nf3 c6 3. c4 e6 4. Nc3 dxc4 5. a4 Bb4 6. e3 b5 7. Bd2 a5 8.
axb5 Bxc3 9. Bxc3 cxb5 10. b3 Bb7 11. bxc4 b4 12. Bb2 Nf6 13. Bd3 Nbd7 14.
Qc2 Qc7 15. h3 Qc6 16. O-O O-O 17. Rfb1 Rfe8 18. c5 e5 19. Bc4 e4 20. Nd2
a4 21. Bc1 b3 22. Qb2 Nd5 23. Ra3 N7f6 24. Rba1 Nb4 25. Bxf7+ Kxf7 26. Rxa4
Rxa4 27. Qxb3+ Qd5 28. Rxa4 Qxb3 29. Nxb3 Nc6 30. Nd2 Ra8 31. Rxa8 Bxa8 32.
Nc4 Ke6 33. Bd2 Bb7 34. Nd6 Ba6 35. f3 Bd3 36. Be1 g5 37. Bg3 h5 38. Kf2 g4
39. hxg4 hxg4 40. Bh4 gxf3 41. gxf3 exf3 42. Kxf3 Bg6 43. Bxf6 Kxf6 44.
Ne4+ Ke6 45. Nc3 Nb4 46. e4 Nc2 47. Nb5 Be8 48. d5+ Ke5 49. c6 Bg6 50. Nc3
Nd4+ 51. Kg4 Nxc6 52. dxc6 Kd6 53. c7 Kxc7 54. e5 Kd7 55. Kf4 Bc2 56. Ne2
Bb3 57. Nd4 Ba2 58. Kf5 Ke7 59. Nc6+ Kf7 60. Ke4 1/2-1/2

[Event "42nd TCh-ITA Masters"]
[Site "Arvier ITA"]
[Date "2010.04.29"]
[Round "1"]
[White "Aranovitch,E"]
[Black "Ortega,Le"]
[Result "0-1"]
[WhiteElo "2349"]
[BlackElo "2479"]
[EventDate "2010.04.29"]

1. e4 e5 2. Nf3 Nc6 3. Bc4 Bc5 4. c3 Nf6 5. d3 O-O 6. Bg5 h6 7. Bh4 Be7 8.
Nbd2 d6 9. Nf1 Nh5 10. Bg3 g6 11. Ne3 Bf6 12. O-O Be6 13. Bb3 Qd7 14. Ba4
Qd8 15. d4 Nxg3 16. hxg3 exd4 17. cxd4 Ne7 18. Bb3 d5 19. e5 Bg7 20. Rc1 c6
21. Ne1 f6 22. Nd3 fxe5 23. Nxe5 Qb6 24. Bc2 Bxe5 25. dxe5 Qxb2 26. Rb1
Qxe5 27. Rxb7 Rf7 28. Qb1 d4 29. Nd1 Nf5 30. Rxf7 Bxf7 31. Qb7 Qe8 32. g4
Nd6 33. Qb4 Qe5 34. Re1 a5 35. Qd2 Nc4 36. Rxe5 Nxd2 37. Rc5 Bxa2 38. Rxc6
a4 39. Rxg6+ Kf7 40. Rd6 Nb3 41. Nb2 Ke7 42. Rb6 a3 43. Nd3 Na1 44. Bd1 Bc4
45. Nb4 d3 46. Rc6 Bb3 47. Rc1 Nc2 48. Rb1 Nxb4 49. Bxb3 a2 50. Ra1 Nc2 0-1

[Event "42nd TCh-ITA Masters"]
[Site "Arvier ITA"]
[Date "2010.04.29"]
[Round "1"]
[White "Lostuzzi,M"]
[Black "Georgiev,Ki"]
[Result "1/2-1/2"]
[WhiteElo "2406"]
[BlackElo "2669"]
[EventDate "2010.04.29"]

1. e4 c5 2. Nf3 e6 3. Nc3 a6 4. d4 cxd4 5. Nxd4 b5 6. g3 Bc5 7. Nb3 Be7 8.
Bg2 Bb7 9. O-O d6 10. Be3 Nd7 11. f4 b4 12. Ne2 Ngf6 13. Qd3 O-O 14. c4
bxc3 15. Nxc3 Ng4 16. Bd2 a5 17. Qf3 Qb6+ 18. Kh1 Ngf6 19. Be3 Qb4 20. Nd2
Bc6 21. Rfc1 Rfc8 22. Qe2 a4 23. Rab1 Bf8 24. h3 Rab8 25. Bg1 Ba8 26. Qe3
Nc5 27. Kh2 Rd8 28. b3 axb3 29. Nxb3 Na4 30. Nd2 Qa5 31. Qa7 Qxa7 32. Bxa7
Rxb1 33. Ncxb1 d5 34. e5 Nd7 35. Nb3 g5 36. Bd4 Bh6 37. fxg5 Bxg5 38. Rc7
Nab6 39. Bf1 Nc4 40. Bxc4 dxc4 41. Rxc4 Bd5 42. Rb4 Nb8 43. Bb6 Rc8 44.
N1d2 Nd7 45. Rg4 h6 46. Bd4 Kh7 47. Ne4 Rc2+ 48. Kg1 Kg6 49. Nxg5 hxg5 50.
h4 Bf3 51. Rxg5+ Kh7 52. Be3 Rg2+ 53. Kf1 Rxa2 54. Nd2 Bd1 55. Ke1 Bc2 56.
Rh5+ Kg7 57. Rg5+ Kf8 58. Bd4 Ra4 59. Bc3 Nb6 60. Ke2 Bf5 61. Nf3 Nd5 62.
Bd4 Ra2+ 63. Ke1 Bd3 64. Bc5+ Ke8 65. Rg8+ Kd7 66. Nd4 Ra5 67. Kd2 Bg6 68.
Bd6 Nb6 69. Kc3 Ra4 70. Ne2 Nd5+ 71. Kb3 Re4 72. Nf4 Nxf4 73. gxf4 Rxf4 74.
Rh8 Rg4 75. Bb4 Be4 76. h5 Bd5+ 77. Ka3 Rg3+ 78. Ka4 Bc6+ 79. Ka5 Rg2 80.
Rf8 Rf2 81. Kb6 Be4 82. Bd6 Rf1 83. Kc5 f5 84. exf6 Rf5+ 85. Kd4 Bb1 86.
Be7 e5+ 87. Kc5 Rxh5 88. Rd8+ Ke6 89. Rd6+ Kf7 90. Rb6 Bg6 91. Kd6 Rh1 92.
Rb8 Rd1+ 93. Kxe5 Re1+ 94. Kd6 Rd1+ 95. Kc5 Ke6 1/2-1/2

[Event "42nd TCh-ITA Masters"]
[Site "Arvier ITA"]
[Date "2010.04.29"]
[Round "1"]
[White "Caruana,F"]
[Black "Lenic,L"]
[Result "1-0"]
[WhiteElo "2680"]
[BlackElo "2603"]
[EventDate "2010.04.29"]

1. e4 c5 2. Nf3 Nc6 3. Bb5 Nf6 4. Nc3 Qc7 5. d3 e6 6. O-O Bd6 7. Ba4 a6 8.
Bxc6 dxc6 9. a4 a5 10. h3 e5 11. Nd2 Be6 12. b3 Nd7 13. Nc4 Bxc4 14. bxc4
Nf8 15. Ne2 Ne6 16. Ng3 g6 17. Bh6 Bf8 18. Qd2 Bxh6 19. Qxh6 Nd4 20. Ra2 f6
21. Rb2 Rb8 22. c3 Ne6 23. Ne2 Rf8 24. f4 exf4 25. Nxf4 Nxf4 26. Rxf4 Rd8
27. e5 Rxd3 28. exf6 Rf7 29. Re4+ Kd7 30. Rb1 Kc8 31. Re7 Rxe7 32. Qf8+ Re8
33. Qxe8+ Rd8 34. f7 Qd6 35. Re1 1-0

[Event "42nd TCh-ITA Masters"]
[Site "Arvier ITA"]
[Date "2010.04.29"]
[Round "1"]
[White "Braga,F"]
[Black "Marzano,C"]
[Result "1-0"]
[WhiteElo "2432"]
[BlackElo "2189"]
[EventDate "2010.04.29"]

1. d4 Nc6 2. Nf3 d5 3. g3 Bf5 4. Bg2 Nb4 5. Na3 e6 6. O-O Be7 7. c3 Na6 8.
b4 h6 9. Qa4+ c6 10. b5 Nb8 11. c4 Nf6 12. Ne5 Qb6 13. c5 Qd8 14. Bf4 Qc8
15. bxc6 bxc6 16. f3 O-O 17. Rfe1 Nfd7 18. e4 Nxe5 19. Bxe5 Bg6 20. Rac1
Qa6 21. Qb4 Re8 22. Bf1 Qc8 23. Qa4 Nd7 24. Ba6 Qd8 25. Bd6 dxe4 26. fxe4
Bg5 27. Rcd1 Qf6 28. h4 Bxh4 29. gxh4 Qxh4 30. Qc2 Nf6 31. Bd3 Bh5 32. Qf2
Qxf2+ 33. Kxf2 Bxd1 34. Rxd1 e5 35. Ke3 exd4+ 36. Kxd4 Ng4 37. Rg1 h5 38.
e5 f6 39. e6 Rxe6 40. Bc4 Rae8 41. Re1 Kf7 42. Nc2 a5 43. Kc3 Ne5 44. Bb3
a4 45. Bxa4 Rxd6 46. cxd6 Ke6 47. Rd1 Kd7 48. Nb4 Re6 49. Nxc6 Rxd6 50.
Nxe5+ Ke6 51. Rxd6+ Kxd6 52. Ng6 Ke6 53. Nf4+ 1-0

[Event "42nd TCh-ITA Masters"]
[Site "Arvier ITA"]
[Date "2010.04.29"]
[Round "1"]
[White "Arlandi,E"]
[Black "De Eccher,S"]
[Result "1-0"]
[WhiteElo "2424"]
[BlackElo "2260"]
[EventDate "2010.04.29"]

1. d4 d5 2. c4 c6 3. Nf3 Nf6 4. e3 Bf5 5. Nc3 e6 6. Nh4 Be4 7. f3 Bg6 8.
Qb3 Qb6 9. Nxg6 hxg6 10. c5 Qc7 11. g3 Nbd7 12. Bd2 O-O-O 13. Qa4 Kb8 14.
b4 e5 15. b5 exd4 16. exd4 Re8+ 17. Kd1 Nh5 18. Rb1 Bxc5 19. dxc5 Nxc5 20.
Qb4 d4 21. Qxc5 dxc3 22. bxc6 b6 23. Qxc3 Nxg3 24. hxg3 Rxh1 25. Kc2 Rh2
26. Kb3 Qc8 27. Bf4+ Ka8 28. c7 Qe6+ 29. Bc4 Qd7 30. Re1 Rxe1 31. c8=Q+ 1-0

[Event "42nd TCh-ITA Masters"]
[Site "Arvier ITA"]
[Date "2010.04.29"]
[Round "1"]
[White "Marin,Mi"]
[Black "Olszewski,Mi"]
[Result "1/2-1/2"]
[WhiteElo "2607"]
[BlackElo "2549"]
[EventDate "2010.04.29"]

1. c4 Nf6 2. g3 g6 3. Bg2 Bg7 4. Nc3 c6 5. e4 e5 6. Nge2 O-O 7. O-O d6 8.
d3 a6 9. b4 Nbd7 10. a4 a5 11. b5 Nc5 12. Ba3 Nh5 13. Qc2 Ne6 14. Rad1 c5
15. Nd5 b6 16. Bb2 Bb7 17. Qd2 Rc8 18. Rde1 Re8 19. Kh1 Bxd5 20. cxd5 Nd4
21. Nxd4 exd4 22. Qd1 c4 23. dxc4 Rxc4 24. Bf3 Nf6 25. Be2 Rb4 26. Ba3 Nxe4
27. Bxb4 axb4 28. Bc4 Re5 29. Qc2 Nc5 30. Qb2 Nxa4 31. Qxb4 Nc5 32. Qd2 Qe7
1/2-1/2

[Event "42nd TCh-ITA Masters"]
[Site "Arvier ITA"]
[Date "2010.04.29"]
[Round "1"]
[White "Mocchi,T"]
[Black "Valsecchi,A"]
[Result "0-1"]
[WhiteElo "2236"]
[BlackElo "2360"]
[EventDate "2010.04.29"]

1. d4 Nf6 2. Nf3 g6 3. Bf4 Bg7 4. e3 O-O 5. h3 d6 6. Be2 Nfd7 7. c3 Nc6 8.
Nbd2 e5 9. Bh2 Qe7 10. O-O e4 11. Ne1 f5 12. Nc2 Nf6 13. c4 Kh8 14. b4 g5
15. b5 Nd8 16. Nb4 Be6 17. Rc1 Bh6 18. Qc2 Rc8 19. Rfe1 Qg7 20. d5 Bd7 21.
c5 dxc5 22. Qxc5 f4 23. Bg4 Bxg4 24. hxg4 Nf7 25. Qd4 Nd6 26. a4 Nxg4 27.
Nxe4 Nxe4 28. Qxe4 Nxh2 29. Kxh2 g4 30. Qd4 g3+ 31. fxg3 fxg3+ 32. Kh3 Rf6
33. Qg4 Qxg4+ 34. Kxg4 Rg8+ 35. Kh3 Bf4 0-1

[Event "42nd TCh-ITA Masters"]
[Site "Arvier ITA"]
[Date "2010.04.29"]
[Round "1"]
[White "Ferro,Ma"]
[Black "Mogranzini,R"]
[Result "1-0"]
[WhiteElo "2259"]
[BlackElo "2415"]
[EventDate "2010.04.29"]

1. d4 Nf6 2. c4 g6 3. Nc3 Bg7 4. g3 O-O 5. Bg2 d6 6. e4 c5 7. Nge2 Nc6 8.
dxc5 dxc5 9. O-O Qa5 10. Qa4 Bg4 11. Nf4 e5 12. Qxa5 Nxa5 13. Nd3 Nxc4 14.
h3 Rad8 15. Nxc5 Bc8 16. b3 Nd6 17. Ba3 b6 18. Nd3 Rfe8 19. Rfd1 Bb7 20. f3
Bf8 21. Kh2 Rc8 22. Bb2 Nd7 23. Rd2 Bh6 24. Rdd1 Bf8 25. Nb4 f6 26. Nbd5
Kf7 27. h4 Nc5 28. Bh3 Ne6 29. a4 Rc6 30. Bxe6+ Kxe6 31. a5 Rec8 32. axb6
axb6 33. Ra7 Ra8 34. Rxa8 Bxa8 35. Ra1 Bb7 36. Ra7 Rc5 37. Ba3 Ra5 38. Rxb7
Nxb7 39. Bxf8 f5 40. Nxb6 fxe4 41. fxe4 Ra1 42. Nbd5 Na5 43. b4 Nc6 44. b5
Nd4 45. b6 Rc1 46. b7 Rc2+ 47. Kg1 Nf3+ 48. Kf1 Rd2 49. Ne2 Rb2 50. Bb4 1-0

[Event "42nd TCh-ITA Masters"]
[Site "Arvier ITA"]
[Date "2010.04.29"]
[Round "1"]
[White "Bentivegna,F"]
[Black "Garcia Palermo,C"]
[Result "0-1"]
[WhiteElo "2361"]
[BlackElo "2440"]
[EventDate "2010.04.29"]

1. e4 c6 2. Ne2 d5 3. e5 c5 4. d4 Nc6 5. c3 e6 6. Be3 Nh6 7. Nd2 Nf5 8. Nf3
Nxe3 9. fxe3 g6 10. Nf4 Bh6 11. h4 f6 12. Bb5 O-O 13. Bxc6 bxc6 14. Qc2 Rb8
15. g3 cxd4 16. exd4 c5 17. O-O fxe5 18. Nxg6 Rxf3 19. Rxf3 e4 20. Rff1
hxg6 21. Qf2 Qe7 22. g4 Ba6 23. Qf6 Qe8 24. Rfe1 Bg7 25. Qf2 cxd4 26. cxd4
Qa4 27. Kh1 Rf8 28. Qg2 Qxd4 29. Rad1 Qxb2 30. Rd2 Qa3 31. g5 Rf3 32. Qg4
Rh3+ 33. Kg2 Qf3+ 34. Qxf3 Rxf3 35. Rb1 0-1

[Event "42nd TCh-ITA Masters"]
[Site "Arvier ITA"]
[Date "2010.04.29"]
[Round "1"]
[White "D'Amore,C"]
[Black "Napoli,N"]
[Result "1/2-1/2"]
[WhiteElo "2484"]
[BlackElo "2362"]
[EventDate "2010.04.29"]

1. e4 c6 2. d4 d5 3. e5 g6 4. c4 Nh6 5. Nf3 Bg4 6. Nbd2 Bg7 7. h3 Be6 8.
Ng5 Bc8 9. Be2 O-O 10. O-O c5 11. dxc5 d4 12. Nb3 Nc6 13. Nf3 Qc7 14. Bf4
e6 15. Nbxd4 Nxd4 16. Qxd4 Nf5 17. Qc3 Qxc5 18. Rad1 Qc7 19. g4 Ne7 20. Qe3
b5 21. cxb5 Nd5 22. Rxd5 exd5 23. Bh6 d4 24. Qf4 d3 25. Bxd3 Bb7 26. Bxg7
Kxg7 27. Be4 Rac8 28. Re1 Kg8 29. Bxb7 Qxb7 30. a4 Qd5 31. Ng5 Rc4 32. Ne4
Kg7 33. b3 Rd4 34. Qf6+ Kg8 35. Qf4 Kg7 36. Qf6+ Kg8 37. Qf4 1/2-1/2

[Event "42nd TCh-ITA Masters"]
[Site "Arvier ITA"]
[Date "2010.04.29"]
[Round "2"]
[White "Stella,A"]
[Black "Braga,F"]
[Result "1/2-1/2"]
[WhiteElo "2283"]
[BlackElo "2432"]
[EventDate "2010.04.29"]

1. d4 Nf6 2. c4 c5 3. d5 b5 4. cxb5 a6 5. bxa6 g6 6. Nc3 Bxa6 7. e4 Bxf1 8.
Kxf1 d6 9. f4 Nbd7 10. Nf3 Bg7 11. g3 O-O 12. Kg2 Qb6 13. Re1 Ne8 14. e5
Nc7 15. b3 Qb7 16. Bb2 Nb6 17. exd6 exd6 18. Qd2 Ncxd5 19. Nxd5 Qxd5 20.
Qxd5 Nxd5 21. Bxg7 Kxg7 22. Rad1 Rxa2+ 23. Kh3 Rf2 24. Ng5 Nc3 25. Rxd6 h6
26. Ne4 Nxe4 27. Rxe4 1/2-1/2

[Event "42nd TCh-ITA Masters"]
[Site "Arvier ITA"]
[Date "2010.04.29"]
[Round "2"]
[White "Rombaldoni,Ax"]
[Black "Costantini,R"]
[Result "1-0"]
[WhiteElo "2439"]
[BlackElo "2311"]
[EventDate "2010.04.29"]

1. e4 c5 2. Nf3 d6 3. d4 Nf6 4. Bb5+ Bd7 5. Bxd7+ Qxd7 6. dxc5 dxc5 7. Qe2
e6 8. O-O Nc6 9. e5 Nd5 10. c4 Nb6 11. Rd1 Qc7 12. Nc3 a6 13. Bf4 Be7 14.
Bg3 O-O 15. Ne4 Rfd8 16. Nf6+ gxf6 17. exf6 Bd6 18. Qe3 Kf8 19. Qg5 Nd4 20.
Nxd4 cxd4 21. Rxd4 Ke8 22. Qg8+ 1-0

[Event "42nd TCh-ITA Masters"]
[Site "Arvier ITA"]
[Date "2010.04.29"]
[Round "2"]
[White "Ronchetti,N"]
[Black "Brunello,S"]
[Result "0-1"]
[WhiteElo "2423"]
[BlackElo "2476"]
[EventDate "2010.04.29"]

1. e4 e5 2. Nf3 Nc6 3. d4 exd4 4. Nxd4 Bc5 5. Be3 Qf6 6. Nb5 Bxe3 7. fxe3
Qh4+ 8. g3 Qd8 9. Qg4 g6 10. Qf4 d6 11. N1c3 a6 12. Nd4 Ne5 13. Be2 Bh3 14.
O-O-O h5 15. Rd2 Nf6 16. Nf3 Nfd7 17. Ng5 Be6 18. h4 Qe7 19. Qf1 Nb6 20.
Rd4 Nc6 21. Rd1 O-O-O 22. Kb1 d5 23. Nxe6 fxe6 24. Rh2 Qc5 25. Qf6 d4 26.
Qxe6+ Kb8 27. exd4 Nxd4 28. Qxg6 Na4 29. Rd3 Nxc3+ 30. bxc3 Nb5 31. Rg2
Nxc3+ 32. Kb2 Qb4+ 33. Kc1 Nxa2+ 34. Kd1 Qb1+ 0-1

[Event "42nd TCh-ITA Masters"]
[Site "Arvier ITA"]
[Date "2010.04.29"]
[Round "2"]
[White "Lanzani,M"]
[Black "Bellini,F"]
[Result "1/2-1/2"]
[WhiteElo "2371"]
[BlackElo "2493"]
[EventDate "2010.04.29"]

1. e4 g6 2. d4 Bg7 3. Nf3 d6 4. Be2 Nf6 5. Nc3 O-O 6. O-O c6 7. Re1 Qc7 8.
Bf4 Nh5 9. Bg5 h6 10. Be3 Nd7 11. e5 dxe5 12. Nxe5 Nxe5 13. dxe5 Rd8 14.
Qc1 Qxe5 15. Bxh6 Bxh6 16. Qxh6 Qf4 17. Qxf4 Nxf4 18. Bc4 Be6 19. Bxe6 Nxe6
20. Rad1 Kf8 21. Kf1 Rd6 22. Ne4 Rd5 23. Nc3 Rd6 24. Ne4 Rd5 25. Nc3
1/2-1/2

[Event "42nd TCh-ITA Masters"]
[Site "Arvier ITA"]
[Date "2010.04.29"]
[Round "2"]
[White "Garcia Palermo,C"]
[Black "Cherin,D"]
[Result "1-0"]
[WhiteElo "2440"]
[BlackElo "2283"]
[EventDate "2010.04.29"]

1. d4 f5 2. Nf3 Nf6 3. c4 g6 4. b4 Bg7 5. Bb2 O-O 6. e3 b6 7. Be2 Bb7 8.
O-O e6 9. Nbd2 Nc6 10. Qb3 Ne7 11. a4 h6 12. a5 Rb8 13. Rfd1 g5 14. axb6
axb6 15. Nf1 Kh8 16. b5 d6 17. Ne1 Nd7 18. Ng3 Nf6 19. Nd3 Ng6 20. Nb4 f4
21. exf4 gxf4 22. Nf1 Nh4 23. Nc6 Bxc6 24. bxc6 Ne4 25. Bg4 Qg5 26. Qh3
Rbe8 27. Re1 d5 28. f3 Nc5 29. Rad1 Na4 30. Ba3 Rg8 31. g3 Nf5 32. Bc1 Nxd4
33. Bxf4 Qg6 34. Be5 Qc2 35. Qxh6+ Qh7 36. Bxg7+ Rxg7 37. Qxh7+ Kxh7 38.
Rxd4 Nc5 39. Rdd1 Na4 40. Rd4 1-0

[Event "42nd TCh-ITA Masters"]
[Site "Arvier ITA"]
[Date "2010.04.29"]
[Round "2"]
[White "Pavasovic,D"]
[Black "Caruana,F"]
[Result "1/2-1/2"]
[WhiteElo "2579"]
[BlackElo "2680"]
[EventDate "2010.04.29"]

1. e4 c5 2. c3 Nf6 3. e5 Nd5 4. Nf3 Nc6 5. Bc4 Nb6 6. Bb3 c4 7. Bc2 Qc7 8.
Qe2 g5 9. h3 Bg7 10. O-O Nxe5 11. Nxg5 d5 12. a4 Nbd7 13. d4 cxd3 14. Bxd3
h6 15. Nf3 Nxd3 16. Qxd3 Nc5 17. Qxd5 Be6 18. Qh5 Nb3 19. Ra3 Nxc1 20. Rxc1
O-O-O 21. Re1 Rd5 22. Qh4 Bf6 23. Qg3 Qxg3 24. fxg3 Rhd8 25. Ra1 Rd3 26.
Kf2 a6 27. Na3 Bb3 28. Re4 Rd1 29. Rxd1 Rxd1 30. Nc4 Kb8 31. Nce5 Be6 32.
Re2 Rd5 33. g4 Ra5 34. h4 Rxa4 35. g5 hxg5 36. hxg5 Bxe5 37. Rxe5 Bc4 38.
Re4 b5 39. Ne5 Ra2 40. Nxc4 1/2-1/2

[Event "42nd TCh-ITA Masters"]
[Site "Arvier ITA"]
[Date "2010.04.29"]
[Round "2"]
[White "Forato,E"]
[Black "Manca,F"]
[Result "1/2-1/2"]
[WhiteElo "2103"]
[BlackElo "2366"]
[EventDate "2010.04.29"]

1. Nf3 Nf6 2. g3 c5 3. Bg2 g6 4. d4 cxd4 5. O-O Bg7 6. Nxd4 O-O 7. c4 Nc6
8. Nb3 d6 9. Nc3 Be6 10. c5 Qc8 11. cxd6 Rd8 12. Nd4 Nxd4 13. Qxd4 Rxd6 14.
Qb4 Nd5 15. Nxd5 Bxd5 16. e4 Bc4 17. Re1 a5 18. Qa3 Bd4 19. Be3 Bxe3 20.
Qxe3 e5 21. Rac1 Rc6 22. Bf1 Bxa2 23. Bb5 Rxc1 24. Rxc1 Qe6 25. Rc7 Rd8 26.
Kg2 b6 27. Rc6 Qe7 28. b3 Qb4 29. Bc4 a4 30. Qg5 Rf8 31. Rxg6+ hxg6 32.
Qxg6+ Kh8 33. Qh6+ Kg8 34. Qg6+ 1/2-1/2

[Event "42nd TCh-ITA Masters"]
[Site "Arvier ITA"]
[Date "2010.04.29"]
[Round "2"]
[White "Lenic,L"]
[Black "Macieja,B"]
[Result "1/2-1/2"]
[WhiteElo "2603"]
[BlackElo "2625"]
[EventDate "2010.04.29"]

1. d4 Nf6 2. c4 e6 3. Nf3 b6 4. Nc3 Bb7 5. a3 d5 6. cxd5 Nxd5 7. Qc2 Nxc3
8. bxc3 Be7 9. e4 O-O 10. Bd3 c5 11. Qe2 Qc8 12. O-O Ba6 13. Rd1 Bxd3 14.
Rxd3 Nd7 15. e5 Re8 16. h4 cxd4 17. cxd4 Qa6 18. Bg5 1/2-1/2

[Event "42nd TCh-ITA Masters"]
[Site "Arvier ITA"]
[Date "2010.04.29"]
[Round "2"]
[White "Georgiev,Ki"]
[Black "Bontempi,P"]
[Result "1-0"]
[WhiteElo "2669"]
[BlackElo "2367"]
[EventDate "2010.04.29"]

1. d4 d5 2. c4 e5 3. dxe5 d4 4. Nf3 Nc6 5. a3 Nge7 6. b4 Ng6 7. Bb2 a5 8.
b5 Ncxe5 9. Qxd4 Qxd4 10. Bxd4 Nxc4 11. e3 Nd6 12. Be2 Bd7 13. a4 Nf5 14.
Bc3 Bb4 15. O-O c6 16. Bxb4 axb4 17. Nbd2 Ke7 18. Nc4 cxb5 19. Nb6 bxa4 20.
Nxa8 Rxa8 21. Rfb1 b5 22. Rxb4 Nd6 23. Nd4 Ne5 24. Nxb5 Rb8 25. Nc3 Rxb4
26. Nd5+ Ke6 27. Nxb4 Ne4 28. Rc1 Kd6 29. f4 Ng6 30. Rd1+ Kc7 31. Na6+ Kc8
32. Bd3 Nf6 33. Nc5 Bc6 34. Bc2 Nd5 35. Kf2 a3 36. Ra1 Nb4 37. Bxg6 hxg6
38. Rxa3 Kc7 39. Nd3 Nxd3+ 40. Rxd3 Bd7 41. e4 Kd8 42. Ra3 Ke8 43. Ra7 Be6
44. Ke3 1-0

[Event "42nd TCh-ITA Masters"]
[Site "Arvier ITA"]
[Date "2010.04.29"]
[Round "2"]
[White "Collutiis,D"]
[Black "De Santis,A"]
[Result "1-0"]
[WhiteElo "2426"]
[BlackElo "2305"]
[EventDate "2010.04.29"]

1. e4 b6 2. d4 Bb7 3. Bd3 e6 4. Qe2 c5 5. d5 exd5 6. exd5+ Qe7 7. c4 Qxe2+
8. Kxe2 Nf6 9. Nf3 Bd6 10. Nc3 Na6 11. Bg5 Ng4 12. Rhe1 f6 13. Bf5 Ne5 14.
Nxe5 Bxe5 15. Kf1 d6 16. Bd2 Kd8 17. Nb5 Nc7 18. Nxc7 Kxc7 19. f4 Raf8 20.
Rab1 g6 21. Bd3 Bd4 22. Re7+ Kb8 23. Bc3 Bxc3 24. bxc3 f5 25. Rbe1 Bc8 26.
Kf2 h6 27. a4 g5 28. a5 b5 29. cxb5 c4 30. Bxc4 Bb7 31. a6 Bc8 32. b6 axb6
33. Bb5 Rd8 34. a7+ 1-0

[Event "42nd TCh-ITA Masters"]
[Site "Arvier ITA"]
[Date "2010.04.29"]
[Round "2"]
[White "Gyimesi,Z"]
[Black "Dvirnyy,D"]
[Result "1/2-1/2"]
[WhiteElo "2586"]
[BlackElo "2450"]
[EventDate "2010.04.29"]

1. d4 Nf6 2. c4 g6 3. Nc3 Bg7 4. e4 d6 5. Nf3 O-O 6. Be2 e5 7. O-O Nbd7 8.
Be3 Re8 9. Qc2 exd4 10. Nxd4 c6 11. Rad1 Qc7 12. f3 a6 13. Qd2 d5 14. cxd5
cxd5 15. exd5 Nb6 16. Nb3 Nbxd5 17. Nxd5 Nxd5 18. Qxd5 Bf5 19. Kf2 Qe7 20.
Qc5 Qh4+ 21. Kg1 Rac8 22. Qa7 Qe7 23. Bxa6 Ra8 24. Qc5 Qxe3+ 25. Qxe3 Rxe3
26. Bxb7 Rxa2 27. Rd8+ Bf8 28. Nd2 1/2-1/2

[Event "42nd TCh-ITA Masters"]
[Site "Arvier ITA"]
[Date "2010.04.29"]
[Round "2"]
[White "Mogranzini,R"]
[Black "De Val,D"]
[Result "0-1"]
[WhiteElo "2415"]
[BlackElo "2240"]
[EventDate "2010.04.29"]

1. e4 e6 2. d4 d5 3. Nd2 Nf6 4. e5 Nfd7 5. Bd3 c5 6. c3 Nc6 7. Ne2 cxd4 8.
cxd4 Qb6 9. Nf3 f6 10. exf6 Nxf6 11. O-O Bd6 12. Nc3 O-O 13. Be3 Bd7 14. a3
Be8 15. Ng5 Ne7 16. h3 Bc7 17. Qc2 Bg6 18. Bxg6 Nxg6 19. Rac1 Rac8 20. Qe2
Nf4 21. Bxf4 Bxf4 22. Na4 Qd6 23. Rxc8 Rxc8 24. Qxe6+ Qxe6 25. Nxe6 Bd6 26.
Nac5 b6 27. Nd3 Rc2 28. Rd1 Ne4 29. f4 Kf7 30. Ng5+ Nxg5 31. fxg5 Kg6 32.
Rc1 Rxc1+ 33. Nxc1 Kf5 34. g6 hxg6 35. Kf2 Ke4 36. Ke2 Kxd4 37. Nb3+ Ke4
38. Nc1 Kf4 39. Nd3+ Kg3 40. Kf1 a5 41. a4 Bb4 42. b3 Bd6 43. Kg1 Bc5+ 44.
Kf1 g5 45. Ne5 Kf4 46. Ng4 d4 47. Ke2 Kg3 48. Kf1 d3 49. Ne5 d2 50. Ke2
Kxg2 51. Nf7 Be3 0-1

[Event "42nd TCh-ITA Masters"]
[Site "Arvier ITA"]
[Date "2010.04.29"]
[Round "2"]
[White "Efimov,Ig"]
[Black "Godena,M"]
[Result "1/2-1/2"]
[WhiteElo "2459"]
[BlackElo "2561"]
[EventDate "2010.04.29"]

1. d4 d5 2. Nf3 Nf6 3. c4 dxc4 4. e3 a6 5. Bxc4 b5 6. Be2 Bb7 7. O-O e6 8.
a4 b4 9. Nbd2 Nbd7 10. Nc4 Be7 11. Bd2 c5 12. a5 O-O 13. Qa4 Rb8 14. Rfd1
Qc7 15. Rac1 Bc6 16. Qa2 1/2-1/2

[Event "42nd TCh-ITA Masters"]
[Site "Arvier ITA"]
[Date "2010.04.29"]
[Round "2"]
[White "Borgo,G"]
[Black "Genocchio,D"]
[Result "0-1"]
[WhiteElo "2442"]
[BlackElo "2443"]
[EventDate "2010.04.29"]

1. Nf3 f5 2. d3 Nc6 3. e4 e5 4. Nc3 Nf6 5. Bg5 Bb4 6. exf5 d5 7. a3 Bxc3+
8. bxc3 Bxf5 9. d4 exd4 10. cxd4 O-O 11. Be2 Qd6 12. Bxf6 Rxf6 13. O-O Re8
14. Qd2 Rh6 15. Rfe1 Be4 16. g3 Rf8 17. Ng5 Kh8 18. Bb5 Bf5 19. Bxc6 Qxc6
20. Re3 Qg6 21. Nf3 Qh5 22. h4 Be4 23. Ng5 Qxg5 24. Rf3 Qd8 0-1

[Event "42nd TCh-ITA Masters"]
[Site "Arvier ITA"]
[Date "2010.04.29"]
[Round "2"]
[White "Mocchi,T"]
[Black "Vocaturo,D"]
[Result "0-1"]
[WhiteElo "2236"]
[BlackElo "2489"]
[EventDate "2010.04.29"]

1. e4 e5 2. Nf3 Nc6 3. Bb5 a6 4. Ba4 Nf6 5. O-O Nxe4 6. d4 b5 7. Bb3 d5 8.
dxe5 Be6 9. c3 Bc5 10. Nbd2 O-O 11. Bc2 Bf5 12. Nb3 Bg6 13. Nfd4 Bxd4 14.
cxd4 a5 15. Be3 a4 16. Nd2 f6 17. exf6 Qxf6 18. Rc1 Nb4 19. Bb1 Nd6 20.
Rxc7 Nc4 21. b3 axb3 22. axb3 Bxb1 23. Nxb1 Na6 24. Rb7 Nxe3 25. fxe3 Qc6
26. Re7 Rxf1+ 27. Qxf1 Rf8 28. Qe1 Qf6 29. Ra7 Nb4 30. h3 Nc2 31. Qg3 Nxd4
32. Kh2 Nf5 33. Qf4 Qb2 34. Na3 Qxb3 35. Ra5 Nxe3 36. Qe5 b4 37. Ra7 Nf1+
38. Kh1 Qg3 39. Qxd5+ Kh8 0-1

[Event "42nd TCh-ITA Masters"]
[Site "Arvier ITA"]
[Date "2010.04.30"]
[Round "3"]
[White "Di Paolo,R"]
[Black "Lucaroni,M"]
[Result "1-0"]
[WhiteElo "2338"]
[BlackElo "2266"]
[EventDate "2010.04.29"]

1. e4 e5 2. Nf3 Nc6 3. d4 exd4 4. Nxd4 Bc5 5. Nxc6 Qf6 6. Qf3 Qxf3 7. gxf3
bxc6 8. Nd2 a5 9. Nb3 Bb6 10. a4 Ne7 11. c4 d6 12. c5 Bxc5 13. Nxc5 dxc5
14. Rg1 O-O 15. Bd2 Re8 16. Rc1 Nf5 17. Rxc5 Nd4 18. Rg3 Nb3 19. Rxc6 Nxd2
20. Kxd2 Bd7 21. Rxc7 Red8 22. Kc3 Bxa4 23. Bc4 Be8 24. Rg5 Rd7 25. Rgc5
Rxc7 26. Rxc7 Kf8 27. e5 a4 28. Bd5 Ra5 29. Kd4 a3 30. bxa3 Rxa3 31. f4
Ra4+ 32. Bc4 g6 33. h4 h5 34. Kc5 Ra1 35. Kd6 Rd1+ 36. Bd5 Rd2 37. f3 Rd1
38. Rc8 Rd2 39. e6 fxe6 40. Kxe6 Re2+ 41. Be4 Re1 42. Kf6 Rd1 43. Ke6 Re1
44. Rd8 Re2 45. Kf6 1-0

[Event "42nd TCh-ITA Masters"]
[Site "Arvier ITA"]
[Date "2010.04.30"]
[Round "3"]
[White "Dvirnyy,D"]
[Black "Olszewski,Mi"]
[Result "1/2-1/2"]
[WhiteElo "2450"]
[BlackElo "2549"]
[EventDate "2010.04.29"]

1. e4 c5 2. Nf3 e6 3. d4 cxd4 4. Nxd4 a6 5. c4 d6 6. Nc3 Ne7 7. Be2 Nbc6 8.
Nc2 Ng6 9. O-O Be7 10. Be3 O-O 1/2-1/2